| 000 | 01645nam a22002777a 4500 | ||
|---|---|---|---|
| 008 | 130821s2008 enk gr eng | ||
| 020 | _a0521713277 | ||
| 020 | _a0521885663 | ||
| 020 | _a9780521713276 | ||
| 020 | _a9780521885669 | ||
| 040 |
_aCo-BoUCM _bspa |
||
| 041 | 0 | 0 | _aeng |
| 245 | 0 | 0 |
_aFrom war to democracy dilemmas of peacebuilding _ceditores Anna K. Jarstad, Timothy D. Sisk. |
| 260 |
_aCambridge (Inglaterra) _bCambridge University Press _c2008 |
||
| 300 | _axvii, 290 páginas | ||
| 504 | _aIncluye referencias bibliográficas e índice. | ||
| 505 | 0 | _aIntroduction / Anna K. Jarstad and Timothy D. Sisk -- Dilemmas of war-to-democracy transitions : theories and concepts / Anna K. Jarstad -- Peacekeeping and democratization / Virginia Page Fortna -- Violence in war-to-democracy transitions / Kristine Höglund -- Power sharing : former enemies in joint government / Anna K. Jarstad -- When rebels change their stripes : armed insurgents in post-war politics / Mimmi Söderberg Kovacs -- Post-war elections : uncertain turning points of transition / Benjamin Reilly -- Civil society in war-to-democracy transitions / Roberto Belloni -- International responses to crises of democratization in war-torn societies / Peter Wallensteen -- Peacebuilding as democratization : findings and recommendations / Timothy D. Sisk. | |
| 650 | 0 | 4 |
_aDemocracia _912617 |
| 650 | 0 | 4 |
_aGuerra civil _916584 |
| 650 | 0 | 4 |
_aPaz _921202 |
| 650 | 0 | 4 |
_aViolencia _9422 |
| 700 | 1 |
_aJarstad, Anna. _9171909 |
|
| 700 | 1 |
_aSisk, Timothy D. _d1960- _998670 |
|
| 942 |
_cLIBRO _a5 _e1 _mF931 _2DEWEY _h303.66 |
||
| 999 |
_c92466 _d92466 |
||